International financial management (Record no. 3446)

MARC details
005 - DATE AND TIME OF LATEST TRANSACTION
control field 20250607124523.0
020 ## - INTERNATIONAL STANDARD BOOK NUMBER
International Standard Book Number 978-007-127619-1
082 ## - DEWEY DECIMAL CLASSIFICATION NUMBER
Classification number LECT 658.159 EUN
100 ## - MAIN ENTRY--PERSONAL NAME
Author name EUN, C. S.
245 ## - TITLE STATEMENT
Title International financial management
250 ## - EDITION STATEMENT
Edition statement 5th Ed.
260 ## - PUBLICATION, DISTRIBUTION, ETC.
Place of publication, distribution, etc. New York,
Name of publisher, distributor, etc. McGraw-Hill,
Date of publication, distribution, etc. 2009.
300 ## - PHYSICAL DESCRIPTION
Extent xxiii, 533p.: ill.; chart, figure, graph, picture, table.
Other physical details Glossary & index,
Dimensions 27cm.
700 ## - ADDED ENTRY--PERSONAL NAME
Other authors/Editors RESNICK, B. G.
856 ## - ELECTRONIC LOCATION AND ACCESS
Link text Access online book
Electronic name International financial management
Path www.mhhe.com
942 ## - ADDED ENTRY ELEMENTS (KOHA)
Source of classification or shelving scheme Dewey Decimal Classification
Koha item type Books
Holdings
Date last seen Total checkouts Full call number Barcode Cost, replacement price Price effective from Koha item type Lost status Source of classification or shelving scheme Damaged status Not for loan Withdrawn status Home library Current library Shelving location Date acquired Cost, normal purchase price
06/07/2025   LECT 658.159 EUN 00000011584 144000.00 06/07/2025 Books   Dewey Decimal Classification       College of Business Education Main Library College of Business Education Main Library General Collection 10/27/2005 48000.00
06/07/2025   LECT 658.159 EUN 00000011585 144000.00 06/07/2025 Books   Dewey Decimal Classification       College of Business Education Main Library College of Business Education Main Library General Collection 10/27/2005 48000.00